LDR 00827naa#a2200181#i#450# 001 EN\\bibl\19933 005 20260701115920.3 100 ## _a20260630b2026####ek#y0engy0150####ca 102 ## _aRU 200 1# _aPROMISING METHODS FOR INFORMATION ANALYSIS AND PROCESSING WITHIN CLASSICAL LONG-RANGE MODELS IN COMPLEX NONLINEAR PHYSICS _eConference article/thesis 210 1# _aVoronezh _cFSBE Institution of Higher Education Voronezh State University of Forestry and Technologies named after G.F. Morozov _d2026 215 ## _a8 с. 608 ## _aConference article/thesis _2local 675 ## _aИсследование поведения объекта на основе его математической модели. 004.942 _z 700 #1 _aDubrovin _gA. S. 700 #1 _aSumin _gV. I. 700 #1 _aKravchenko _gAndrey Sergeevich 856 4# _abibl.vgltu.ru _u